| 000 | 00733cam a2200193 i 4500 | ||
|---|---|---|---|
| 005 | 20251108173257.0 | ||
| 008 | 250721s1997 ie gr 000 0 ara d | ||
| 082 | 1 | 4 |
_a001.94 _bو ب س |
| 100 | 1 |
_aوبستر، هاري _eمؤلف. |
|
| 245 | 1 | 0 |
_aاخبار غريبة واسرار عجيبة : _bالكوارث العالمية / _cهاري وبستر. |
| 250 | _aالطبعة الاولى. | ||
| 264 | 3 | 1 |
_aبيروت : _bمؤسسة الانتشار العربي، _c1997. |
| 300 | _a188 صفحة. | ||
| 490 | 0 |
_aأخبار غربية وأسرار عجيبة ؛ _vرقم 4. |
|
| 650 | 1 | 7 | _aالكوارث. |
| 830 | 0 | _aأخبار غربية وأسرار عجيبة . | |
| 942 |
_2ddc _cBK |
||
| 999 |
_c100178 _d100178 |
||